000
00264nam a22001097a 4500
999
_c
57903
_d
57900
082
_a
629.895416GAD
100
_a
Gadre D V
245
_a
Tiny AVR microcontroller project for the evil genius
260
_a
New Delhi
_b
McGraw Hill
_c
2011
300
_a
251
942
_c
BK